[Event "Kongsberg CC-ch"]
[Site "Skavanger"]
[Date "2013.05.14"]
[Round "7"]
[White "Rasmussen, Rolf"]
[Black "Kowerich, Stefan"]
[Result "1/2-1/2"]
[WhiteElo "1477"]
[BlackElo "1409"]
[PlyCount "57"]
[EventDate "2013.01.22"]
[EventType "swiss"]
[EventRounds "7"]
[EventCountry "NOR"]
[SourceTitle "EXT 2024"]
[Source "ChessBase"]
[SourceDate "2023.10.10"]
[SourceVersion "1"]
[SourceVersionDate "2023.10.10"]
[SourceQuality "1"]

1. e4 e5 2. Nf3 Nf6 3. Nxe5 Qe7 4. d4 d6 5. Nf3 Qxe4+ 6. Be3 Be7 7. Bd3 Qc6 8. Nc3 a6 9. 0-0 Bg4 10. Be2 d5 11. a3 0-0 12. Re1 Bd6 13. Ne5 Bxe2 14. Rxe2 Qb6 15. b4 c6 16. Bg5 Nbd7 17. Qd3 Qc7 18. Rae1 Nh5 19. Qh3 Bxe5 20. dxe5 g6 21. e6 Nb6 22. Bh6 Nf4 23. exf7+ Qxf7 24. Bxf4 Qxf4 25. Nd1 Rf7 26. Nb2 Raf8 27. Nd3 Qf6 28. Re6 Qd4 29. Qe3 1/2-1/2